Protein analysis and purification (Record no. 480043)
[ view plain ]
| 000 -LEADER | |
|---|---|
| fixed length control field | 01189cam a2200313 a 4500 |
| 001 - CONTROL NUMBER | |
| control field | 11318092 |
| 003 - CONTROL NUMBER IDENTIFIER | |
| control field | ASAB |
| 005 - DATE AND TIME OF LATEST TRANSACTION | |
| control field | 20180827062624.0 |
| 006 - FIXED-LENGTH DATA ELEMENTS--ADDITIONAL MATERIAL CHARACTERISTICS | |
| fixed length control field | m d |
| 007 - PHYSICAL DESCRIPTION FIXED FIELD--GENERAL INFORMATION | |
| fixed length control field | cr n |
| 008 - FIXED-LENGTH DATA ELEMENTS--GENERAL INFORMATION | |
| fixed length control field | 940727s1996 maua sb 001 0 eng d |
| 020 ## - INTERNATIONAL STANDARD BOOK NUMBER | |
| International Standard Book Number | 81-8128-550-6 |
| 035 ## - SYSTEM CONTROL NUMBER | |
| System control number | (WaSeSS)ssj0000855113 |
| 040 ## - CATALOGING SOURCE | |
| Original cataloging agency | DLC |
| Transcribing agency | DLC |
| Modifying agency | DLC |
| -- | WaSeSS |
| 050 #4 - LIBRARY OF CONGRESS CALL NUMBER | |
| Classification number | QP551 |
| Item number | .R785 1996 |
| 082 00 - DEWEY DECIMAL CLASSIFICATION NUMBER | |
| Classification number | 574.19/245 |
| Edition number | 20 |
| 100 1# - MAIN ENTRY--PERSONAL NAME | |
| Personal name | Rosenberg, Ian M., |
| Dates associated with a name | 1949- |
| 9 (RLIN) | 1650 |
| 210 10 - ABBREVIATED TITLE | |
| Abbreviated title | Protein analysis and purification |
| 245 10 - TITLE STATEMENT | |
| Title | Protein analysis and purification |
| Remainder of title | benchtop techniques / |
| Statement of responsibility, etc. | Ian M. Rosenberg. |
| 260 ## - PUBLICATION, DISTRIBUTION, ETC. | |
| Place of publication, distribution, etc. | Boston : |
| Name of publisher, distributor, etc. | Birkhäuser, |
| Date of publication, distribution, etc. | c1996. |
| 504 ## - BIBLIOGRAPHY, ETC. NOTE | |
| Bibliography, etc. note | Includes bibliographical references and index. |
| 506 ## - RESTRICTIONS ON ACCESS NOTE | |
| Terms governing access | License restrictions may limit access. |
| 650 00 - SUBJECT ADDED ENTRY--TOPICAL TERM | |
| Topical term or geographic name entry element | Proteins |
| General subdivision | Analysis |
| -- | Laboratory manuals. |
| 9 (RLIN) | 1651 |
| 650 00 - SUBJECT ADDED ENTRY--TOPICAL TERM | |
| Topical term or geographic name entry element | Proteins |
| General subdivision | Purification |
| -- | Laboratory manuals. |
| 9 (RLIN) | 1652 |
| 773 #0 - HOST ITEM ENTRY | |
| Title | SpringerLink ebooks - Mathematics and Statistics (Archive) |
| 856 40 - ELECTRONIC LOCATION AND ACCESS | |
| Uniform Resource Identifier | <a href="http://www.columbia.edu/cgi-bin/cul/resolve?clio11318092">http://www.columbia.edu/cgi-bin/cul/resolve?clio11318092</a> |
| Public note | Full text available from SpringerLink ebooks - Mathematics and Statistics (Archive) |
| 910 ## - USER-OPTION DATA (OCLC) | |
| User-option data | Library of Congress record |
| 942 ## - ADDED ENTRY ELEMENTS (KOHA) | |
| Source of classification or shelving scheme | |
| Koha item type | Book |
| Withdrawn status | Lost status | Source of classification or shelving scheme | Damaged status | Not for loan | Collection code | Permanent Location | Current Location | Date acquired | Total Checkouts | Full call number | Barcode | Date last seen | Price effective from | Koha item type |
|---|---|---|---|---|---|---|---|---|---|---|---|---|---|---|
| Central Library (CL) | Central Library (CL) | 03/17/2016 | 572 ROS | ASAB2132 | 03/17/2016 | 03/17/2016 | Book |
